Makroekonomičeskije vzaimosvjazi formirovanija ekonomiki znanij v JeS v postkrizisnom periode

Cieľom Lisabonskej stratégie bolo premeniť Európsku úniu v najkonkurencieschopnejšiu krajiny na svete. Základné ciele Lisabonskej stratégie do konca roka 2010 sa nepodarilo naplniť. Táto stratégia bola nahradená novou koncepciou - Stratégia "Európa 2020". Je to desaťročný plán Únie poskytovania dlho...

Descripción completa

Guardado en:
Detalles Bibliográficos
Autor principal: Gonda, Vladimír
Formato: Capítulo de libro
Lenguaje:ruso
Materias:
Etiquetas: Agregar Etiqueta
Sin Etiquetas, Sea el primero en etiquetar este registro!

MARC

LEADER 00000nla a2200000 4500
001 0179321
005 20240502073039.8
041 0 |a rus 
044 |a SK 
245 1 0 |a Makroekonomičeskije vzaimosvjazi formirovanija ekonomiki znanij v JeS v postkrizisnom periode  |c Vladimír Gonda 
520 |a Cieľom Lisabonskej stratégie bolo premeniť Európsku úniu v najkonkurencieschopnejšiu krajiny na svete. Základné ciele Lisabonskej stratégie do konca roka 2010 sa nepodarilo naplniť. Táto stratégia bola nahradená novou koncepciou - Stratégia "Európa 2020". Je to desaťročný plán Únie poskytovania dlhodobých cieľov založených na nových iniciatívach, najmä v ekonomickej a sociálnej oblasti. 
610 2 0 |a Európska únia 
610 2 0 |a bezpečnosť ekonomická 
610 2 0 |a rozvoj sociálno-ekonomický 
610 2 0 |a politika kohézna 
610 2 0 |a spolupráca medzinárodná 
100 1 |a Gonda, Vladimír